| 000 | 00000nam##2200000za#4500 |
| 001 | 9.613913 |
| 003 | CaOODSP |
| 005 | 20211126112847 |
| 007 | ta |
| 008 | 150406|1997||||xxc||||| f|0| 0 eng|d |
| 020 | |a0-662-25886-X |
| 022 | |a1192-5434 |
| 040 | |aCaOODSP|beng |
| 043 | |an-cn--- |
| 086 | 1 |aFB3-2/97-14E |
| 110 | 2 |aBank of Canada. |
| 245 | 10|aMenu costs, relative prices, and inflation: evidence of Canada / |cby Robert A. Amano and R. Tiff Macklem. |
| 260 | |aOttawa - Ontario : |bBank of Canada |c1997. |
| 300 | |a36p. : |bgraphs, references ; |c28 cm. |
| 490 | 1 |aWorking paper|x1192-5434|v97-14 |
| 546 | |aRésumés en français |
| 563 | |aSoftcover |
| 590 | |a97-28|b1997-07-11 |
| 720 | 1 |aMacklem, R. Tiff |
| 720 | 1 |aAmano, Robert A. |
| 776 | 0#|tMenu costs, relative prices, and inflation : |w(CaOODSP)9.571661 |
| 830 | #0|aWorking paper,|x1192-5434|v97-14|w(CaOODSP)9.514622 |